Normal view
MARC view
- Pandey Aditi
Entry Personal Name
001 - CONTROL NUMBER
- control field: 106145
003 - CONTROL NUMBER IDENTIFIER
- control field: OSt
005 - DATE AND TIME OF LATEST TRANSACTION
- control field: 20230102125142.0
008 - FIXED-LENGTH DATA ELEMENTS
- fixed length control field: 230102|| aca||aabn | a|a d
040 ## - CATALOGING SOURCE
- Original cataloging agency: OSt
- Transcribing agency: OSt
100 ## - HEADING--PERSONAL NAME
- Personal name: Pandey Aditi
670 ## - SOURCE DATA FOUND
- Source citation: Work cat.: (OSt)83727: Chaudhari Archana 106144, Energy and Environment, 2022